| 000 | 00717nam a2200229 4500 | ||
|---|---|---|---|
| 005 | 20251006075200.0 | ||
| 020 |
_a9781137027689 _cTZS 93,970/= |
||
| 040 |
_aMCCL _beng. _eAACR 2nd rev. ed. |
||
| 082 | _a340 MCL | ||
| 100 | _aMcleod, Ian. | ||
| 245 |
_aLegal method / _cIan, Mcleod |
||
| 250 | _a9th ed. | ||
| 260 |
_aGreat Britain: _bPalgrave macmillan, _cc2013. |
||
| 300 |
_axxv, 339 p . ; _c23 cm. |
||
| 440 | _aPalgrave macmillan law masters. | ||
| 504 | _aIncludes appendices and index p. 322-339 | ||
| 546 | _aeng. | ||
| 650 | _aRule of law | ||
| 650 | _aHigh court | ||
| 700 |
_aCremona, Marise ( series editor) _cProfessor of European commercial Law centre for commercial Law studies. |
||
| 942 | _cBK | ||
| 999 |
_c11956 _d11956 |
||